LEADER 01161nam a2200277 i 4500 001 000000051020 003 CaOOAMICUS 005 20070704000000.0 008 070704s1989 it u000 u ita u 013 $a22191 020 $a88-15-02051-9 040 $aSeMil$bita 100 1 $aBrombert, Victor.$0(OLS)http://semarc/name/25249 240 14$aThe Novels of Flaubert : A Study of Themes and Techniques.$0(OLS)http://semarc/title/78033 245 12$aI romanzi di Flaubert :$bstudio di temi e tecniche /$cVictor Brombert. 260 $aBologna :$bIl Mulino,$ccopyr. 1989. 300 $a305 p. ;$c22 cm. 490 0 $aSaggi ;$v352 600 14$aFlaubert, Gustave <1821-1880>.$0(OLS)http://semarc/subject/10540 830 0$aSaggi ;$v352.$0(OLS)http://semarc/title/341 850 $aSeMil 852 $aSeMil$W1$xVenegono$y1$m1D V 57$j17175$B17175$CSeMilBibl$Z2$F17175 $81 961 $aOmaggio: Ciprandi dott. Paolo 996 $6020$a88-15-02051-9$9(OLS)http://semarc/number/24984 996 $6245$aI romanzi di Flaubert :$bstudio di temi e tecniche$9(OLS)http://semarc/title/78032 996 $6260$aBologna :$bIl Mulino$9(OLS)http://semarc/publisher/29842 LEADER 00700nam a2200181 i 4500 001 000000209538 003 CaOOAMICUS 005 20111219000000.0 008 111219s1831 it u000 u ita u 013 $a188328 040 $aSeMil$bita 100 1 $aAndres, Juan <1740-1817>.$0(OLS)http://semarc/name/3028 245 10$aTomo 3. Parte 1. 300 $a232 p. 773 0 $aAndres, Juan <1740-1817>$tDell'origine, progressi e stato attuale di ogni letteratura.$bNuova edizione.$dVenezia : Giuseppe Antonelli, 1830-1834.$g3$w()25747 850 $aSeMil 852 $aSeMil$W1$xVenegono$y1$m1U IV 13 FA$j159989$B159989$CSeMilBibl$Z2$F171021 $8I 996 $6245$aTomo 3. Parte 1$9(OLS)http://semarc/title/318338